00442nam a22001337a 450000500170000000800410001704100130005808200150007110000390008624500810012526000510020630000250025765000260028220231102064826.0231102b |||||||| |||| 00| 0 eng d aEnglish  a346.7 DIE  aDiemont, MA and Marais RMlEnglish aThe Hire-Purchase Amendment Act No. 30 of 1965 / cMA Diemont and RM Marais  aCape Town : bJuta and Company Limited, c1988 b18 pages ; c25 cm.  aLegal practice bLaw